000 00560nam a22001937a 4500
005 20140311163044.0
008 131128b xxu||||| |||| 00| 0 eng d
020 _a9789717251851
050 _aG 155.A1
_b.G917 2011
100 _aGuasch, Juan Martin
245 _aTravel and tours (tourism - 1) /
_cJuan Martin D.R. Guasch, Adonis Olarve,JamesGuasch
250 _arev. ed.
260 _aMetro Manila :
_bGrandwater Publications,
_c2011.
300 _a176 p. :
_c26 cm.
521 _aTOU
650 _aTourism
942 _2lcc
_cBK
_kLOC
999 _c39790
_d39790